[Event "Copa Latinoamericana de Ajedrez 2011"]
[Site "Montevideo URU"]
[Date "2011.11.06"]
[Round "9.2"]
[White "Bruzon Batista, Lazaro"]
[Black "Rodriguez Vila, Andres"]
[Result "1/2-1/2"]
[WhiteElo "2689"]
[BlackElo "2505"]
[PlyCount "82"]
[EventDate "2011.11.01"]
[EventType "swiss"]
[EventRounds "9"]
[EventCountry "URU"]
[Source "lmi"]
[SourceDate "2011.11.01"]

1. d4 f5 2. Nc3 Nf6 3. Bg5 d5 4. Bxf6 exf6 5. e3 Be6 6. Bd3 Nc6 7. Nge2 Qd7 8.
a3 Ne7 9. b3 h5 10. Na4 b6 11. c4 c6 12. Nac3 g5 13. Qc2 h4 14. O-O Rc8 15. c5
Bh6 16. f4 O-O 17. b4 Bf7 18. Rae1 Rce8 19. Kh1 Bg6 20. Ng1 bxc5 21. bxc5 Qc7
22. Nf3 Bh7 23. Ne2 Kh8 24. Neg1 Qc8 25. Re2 Bg6 26. Rb1 Bh5 27. Ree1 Rg8 28.
Rb2 Rg7 29. Reb1 Qe6 30. Qf2 h3 31. g3 Bg4 32. Rb8 Ng8 33. Rxe8 Qxe8 34. fxg5
Bxg5 35. Nxg5 fxg5 36. Nf3 Bxf3+ 37. Qxf3 Nh6 38. Bxf5 Re7 39. Bc2 Kg7 40. Re1
Rf7 41. Qe2 Qe6 1/2-1/2

[Event "Copa Latinoamericana de Ajedrez 2011"]
[Site "Montevideo URU"]
[Date "2011.11.06"]
[Round "9.4"]
[White "Iturrizaga, Eduardo"]
[Black "Hernandez Carmenates, Holden"]
[Result "1/2-1/2"]
[WhiteElo "2656"]
[BlackElo "2564"]
[PlyCount "148"]
[EventDate "2011.11.01"]
[EventType "swiss"]
[EventRounds "9"]
[EventCountry "URU"]
[Source "lmi"]
[SourceDate "2011.11.01"]

1. d4 Nf6 2. c4 e6 3. Nf3 b6 4. g3 Bb7 5. Bg2 Be7 6. O-O O-O 7. Re1 c5 8. d5
exd5 9. Nh4 Ne4 10. cxd5 Bxh4 11. Bxe4 Bf6 12. Qc2 g6 13. Bf4 d6 14. Na3 Ba6
15. Bg2 b5 16. e4 b4 17. Nb1 Qb6 18. Nd2 Nd7 19. Bf1 Bxf1 20. Rxf1 Qc7 21. Nc4
Be7 22. Rfe1 f6 23. h4 Rfe8 24. h5 g5 25. Bd2 Ne5 26. Nxe5 fxe5 27. Bxb4 Qd7
28. Bc3 Qh3 29. f3 Rf8 30. Qg2 Qxh5 31. g4 Qf7 32. Kf2 Qe8 33. Rh1 Qa4 34. Kg3
Rf6 35. Qd2 h6 36. Kg2 Raf8 37. Rh3 R8f7 38. Qe2 Bf8 39. b3 Qd7 40. Bd2 Qb7 41.
Rc1 Bg7 42. Rc4 Qa6 43. Be3 Rb7 44. Qd2 Bf8 45. Kf2 Rbf7 46. Ra4 Qc8 47. Kg2
Qb7 48. Qe2 Qb8 49. Qa6 Qc7 50. Qe2 Qb8 51. Kf2 Qc8 52. Ke1 Qd7 53. Kd2 Qc8 54.
Kc2 Qb8 55. Bd2 Rb7 56. Ra6 Rff7 57. Qc4 Rf6 58. Kd3 Rbf7 59. Ke2 Qb7 60. Rc6
Qd7 61. Qd3 Qb7 62. Ba5 Qd7 63. Rc7 Qe8 64. Qa6 Rxc7 65. Bxc7 Rf7 66. Ba5 Kg7
67. Qc6 Qb8 68. Rh1 Be7 69. Bc7 Qb4 70. Bxd6 Qc3 71. Bxe5+ Qxe5 72. Qxh6+ Kg8
73. Qg6+ Kf8 74. Qh6+ Kg8 1/2-1/2

[Event "Copa Latinoamericana de Ajedrez 2011"]
[Site "Montevideo URU"]
[Date "2011.11.06"]
[Round "9.5"]
[White "Felgaer, Ruben"]
[Black "Tristan, Leonardo"]
[Result "1-0"]
[WhiteElo "2573"]
[BlackElo "2463"]
[PlyCount "53"]
[EventDate "2011.11.01"]
[EventType "swiss"]
[EventRounds "9"]
[EventCountry "URU"]
[Source "lmi"]
[SourceDate "2011.11.01"]

1. e4 c5 2. Nf3 d6 3. d4 cxd4 4. Nxd4 Nf6 5. Nc3 g6 6. Be2 Bg7 7. O-O O-O 8.
Be3 Nc6 9. f4 Bd7 10. Nb3 Qc8 11. h3 Rd8 12. Qe1 a5 13. a3 a4 14. Nd2 Na5 15.
e5 Ne8 16. Nd5 Qxc2 17. Nxe7+ Kh8 18. Rc1 Qxb2 19. Ne4 Qxa3 20. Rc3 Qa2 21. Ng5
dxe5 22. Bd3 h6 23. Bb1 exf4 24. Bxa2 hxg5 25. Bb6 Bb5 26. Rxf4 gxf4 27. Rc5
1-0

[Event "Copa Latinoamericana de Ajedrez 2011"]
[Site "Montevideo URU"]
[Date "2011.11.06"]
[Round "9.8"]
[White "Slipak, Sergio"]
[Black "Cori Tello, Jorge"]
[Result "1/2-1/2"]
[WhiteElo "2440"]
[BlackElo "2482"]
[PlyCount "59"]
[EventDate "2011.11.01"]
[EventType "swiss"]
[EventRounds "9"]
[EventCountry "URU"]
[Source "lmi"]
[SourceDate "2011.11.01"]

1. Nf3 d5 2. c4 c6 3. e3 Nf6 4. Nc3 a6 5. a4 Bg4 6. Qb3 Nbd7 7. cxd5 Nc5 8. Qc4
e5 9. dxc6 Be6 10. Qh4 Be7 11. cxb7 Rb8 12. Be2 Ng4 13. Qg3 h5 14. h4 O-O 15.
O-O Rxb7 16. d4 exd4 17. Nxd4 Bxh4 18. Qf3 Rb6 19. g3 Bf6 20. Ra3 Nb3 21. a5
Nxd4 22. exd4 Rd6 23. d5 Bxd5 24. Nxd5 Rxd5 25. b4 Bd4 26. Bc4 Rd6 27. Bf4 Be5
28. Be3 Rf6 29. Qe4 Nxe3 30. Rxe3 1/2-1/2

[Event "Copa Latinoamericana de Ajedrez 2011"]
[Site "Montevideo URU"]
[Date "2011.11.06"]
[Round "9.9"]
[White "Krysa, Leonardo"]
[Black "Real De Azua, Ernesto"]
[Result "0-1"]
[WhiteElo "2396"]
[BlackElo "2459"]
[PlyCount "76"]
[EventDate "2011.11.01"]
[EventType "swiss"]
[EventRounds "9"]
[EventCountry "URU"]
[Source "lmi"]
[SourceDate "2011.11.01"]

1. d4 Nf6 2. c4 g6 3. Nc3 Bg7 4. e4 d6 5. Nf3 O-O 6. Be2 e5 7. O-O Nc6 8. Be3
Ng4 9. Bg5 f6 10. Bh4 g5 11. Bg3 Nh6 12. dxe5 fxe5 13. h3 g4 14. hxg4 Bxg4 15.
Qd5+ Kh8 16. c5 Nd4 17. Nxd4 exd4 18. Bxg4 dxc3 19. Be6 cxb2 20. Rad1 dxc5 21.
Qxc5 Qe8 22. Qc4 Rd8 23. Bxc7 Rxd1 24. Rxd1 Qh5 25. f3 Qg5 26. f4 Qe7 27. Kh1
b5 28. Qc6 Qh4+ 29. Bh3 Ng4 30. Rb1 Nf2+ 31. Kh2 Nxh3 32. gxh3 Qh5 33. Qc2 Rc8
34. e5 Qf7 35. Qxb2 Qxc7 36. Qxb5 Qc2+ 37. Kh1 Qe4+ 38. Kh2 Bh6 0-1

[Event "Copa Latinoamericana de Ajedrez 2011"]
[Site "Montevideo URU"]
[Date "2011.11.06"]
[Round "9.10"]
[White "Barrionuevo, Pablo"]
[Black "Mareco, Sandro"]
[Result "0-1"]
[WhiteElo "2336"]
[BlackElo "2583"]
[PlyCount "68"]
[EventDate "2011.11.01"]
[EventType "swiss"]
[EventRounds "9"]
[EventCountry "URU"]
[Source "lmi"]
[SourceDate "2011.11.01"]

1. d4 d5 2. c4 c6 3. Nf3 Nf6 4. e3 Bf5 5. Nc3 e6 6. Nh4 Bg6 7. Nxg6 hxg6 8. a3
Nbd7 9. Be2 Bd6 10. h3 Qe7 11. Qc2 dxc4 12. Bxc4 Rc8 13. Bd2 a6 14. Ne4 Nxe4
15. Qxe4 Nf6 16. Qf3 e5 17. dxe5 Bxe5 18. Rb1 b5 19. Bb3 c5 20. O-O O-O 21.
Rfd1 Rfd8 22. Ba5 Rxd1+ 23. Bxd1 c4 24. Qe2 Bb8 25. Bc2 Re8 26. Qf3 Bc7 27. Bb4
Bd6 28. Bc3 Be5 29. Bxe5 Qxe5 30. Qc6 Rd8 31. Qxa6 Rd2 32. Qc8+ Kh7 33. Bd1
Rxb2 34. Rxb2 Qxb2 0-1

[Event "Copa Latinoamericana de Ajedrez 2011"]
[Site "Montevideo URU"]
[Date "2011.11.06"]
[Round "9.11"]
[White "Egoroff, Jomar"]
[Black "Cubas, José"]
[Result "0-1"]
[WhiteElo "2311"]
[BlackElo "2536"]
[PlyCount "54"]
[EventDate "2011.11.01"]
[EventType "swiss"]
[EventRounds "9"]
[EventCountry "URU"]
[Source "lmi"]
[SourceDate "2011.11.01"]

1. e4 e6 2. d4 d5 3. Nd2 Nf6 4. e5 Nfd7 5. Bd3 c5 6. c3 Nc6 7. Ne2 cxd4 8. cxd4
f6 9. exf6 Nxf6 10. Nf3 Bd6 11. O-O Qc7 12. Bg5 O-O 13. Bh4 Nh5 14. Bg3 Nxg3
15. hxg3 g6 16. Rc1 Qg7 17. Qd2 Bd7 18. a3 a6 19. Rfe1 Rf6 20. Qe3 Raf8 21. Nc3
Rxf3 22. gxf3 Nxd4 23. Be2 g5 24. Kg2 Bf4 25. Qd3 Bxc1 26. Rxc1 Bc6 27. Rd1 e5
0-1

[Event "Copa Latinoamericana de Ajedrez 2011"]
[Site "Montevideo URU"]
[Date "2011.11.06"]
[Round "9.12"]
[White "Paveto, Kevin"]
[Black "Zambrana, Oswaldo"]
[Result "1/2-1/2"]
[WhiteElo "2258"]
[BlackElo "2502"]
[PlyCount "93"]
[EventDate "2011.11.01"]
[EventType "swiss"]
[EventRounds "9"]
[EventCountry "URU"]
[Source "lmi"]
[SourceDate "2011.11.01"]

1. e4 c5 2. Nf3 Nc6 3. d4 cxd4 4. Nxd4 Nf6 5. Nc3 e5 6. Ndb5 d6 7. Bg5 a6 8.
Na3 b5 9. Bxf6 gxf6 10. Nd5 f5 11. exf5 Bxf5 12. Qf3 Nd4 13. Nc7+ Qxc7 14.
Qxa8+ Ke7 15. Bd3 Qa5+ 16. Kf1 Bxd3+ 17. cxd3 Qd2 18. Qe4 Qxb2 19. Re1 Bg7 20.
g3 Rd8 21. Kg2 Kf8 22. Nb1 b4 23. Qd5 Qc2 24. Rc1 Qxd3 25. Rc7 Qg6 26. Rhc1 Kg8
27. Rc8 Rf8 28. Nd2 Ne2 29. R1c4 Nf4+ 30. Rxf4 Rxc8 31. Rxb4 Qe6 32. Qxe6 fxe6
33. Rb6 d5 34. Rxa6 Rc2 35. Nf3 e4 36. Ng5 e3 37. Ra8+ Bf8 38. Nxe6 Rxf2+ 39.
Kg1 d4 40. Nxd4 Kf7 41. Ra5 Kf6 42. g4 Bb4 43. Rf5+ Rxf5 44. gxf5 Bc5 45. Nc2
Kxf5 46. Kf1 Kg4 47. Nxe3+ 1/2-1/2

[Event "Copa Latinoamericana de Ajedrez 2011"]
[Site "Montevideo URU"]
[Date "2011.11.06"]
[Round "9.13"]
[White "Claverie, Raul"]
[Black "Lacayo, René"]
[Result "1/2-1/2"]
[WhiteElo "2483"]
[BlackElo "2264"]
[PlyCount "34"]
[EventDate "2011.11.01"]
[EventType "swiss"]
[EventRounds "9"]
[EventCountry "URU"]
[Source "lmi"]
[SourceDate "2011.11.01"]

1. f4 d5 2. Nf3 g6 3. e3 Bg7 4. c3 Nf6 5. d4 O-O 6. Bd3 b6 7. Qe2 Bb7 8. O-O c5
9. Bd2 Ne4 10. Be1 Nd7 11. Bh4 Ndf6 12. Ne5 Qc7 13. f5 Ne8 14. fxg6 hxg6 15.
Bxe4 dxe4 16. Bg3 Qc8 17. Rf2 Nd6 1/2-1/2

[Event "Copa Latinoamericana de Ajedrez 2011"]
[Site "Montevideo URU"]
[Date "2011.11.06"]
[Round "9.14"]
[White "Pérez, Maximiliano"]
[Black "Mahia, Gustavo"]
[Result "0-1"]
[WhiteElo "2193"]
[BlackElo "2386"]
[PlyCount "74"]
[EventDate "2011.11.01"]
[EventType "swiss"]
[EventRounds "9"]
[EventCountry "URU"]
[Source "lmi"]
[SourceDate "2011.11.01"]

1. e4 g6 2. d4 Bg7 3. c3 d6 4. Bd3 Nf6 5. Nf3 O-O 6. O-O Nc6 7. h3 e5 8. Be3
exd4 9. Nxd4 Ne5 10. Bc2 Nc4 11. Bc1 Re8 12. Re1 c5 13. Nf3 b5 14. a4 Bb7 15.
axb5 Nxe4 16. Ra4 d5 17. Bxe4 Rxe4 18. Rxe4 dxe4 19. Qxd8+ Rxd8 20. Nfd2 Ne5
21. Rxa7 Bd5 22. b3 Nd3 23. Ba3 f5 24. g3 g5 25. Kf1 f4 26. Ke2 f3+ 27. Ke3 g4
28. Rxg7+ Kxg7 29. hxg4 Ne1 30. Bxc5 Ng2+ 31. Kd4 e3 32. fxe3 Bxb3+ 33. Ke4
Bd5+ 34. Kd4 Ba2+ 35. Ke5 f2 36. Bd6 Nxe3 37. Na3 Nxg4+ 0-1

[Event "Copa Latinoamericana de Ajedrez 2011"]
[Site "Montevideo URU"]
[Date "2011.11.06"]
[Round "9.15"]
[White "Lujan, Carolina"]
[Black "Valdes, Alvaro"]
[Result "1/2-1/2"]
[WhiteElo "2361"]
[BlackElo "2385"]
[PlyCount "25"]
[EventDate "2011.11.01"]
[EventType "swiss"]
[EventRounds "9"]
[EventCountry "URU"]
[Source "lmi"]
[SourceDate "2011.11.01"]

1. e4 c5 2. Nf3 d6 3. c3 Nf6 4. Bd3 Nc6 5. O-O Bg4 6. h3 Bh5 7. Bc2 e6 8. d3
Be7 9. Re1 d5 10. Qe2 O-O 11. Nbd2 dxe4 12. dxe4 Qc7 13. a4 1/2-1/2

[Event "Copa Latinoamericana de Ajedrez 2011"]
[Site "Montevideo URU"]
[Date "2011.11.06"]
[Round "9.16"]
[White "Fusco, Leonardo"]
[Black "Muniz, Rafael"]
[Result "1/2-1/2"]
[WhiteElo "2383"]
[BlackElo "2220"]
[PlyCount "37"]
[EventDate "2011.11.01"]
[EventType "swiss"]
[EventRounds "9"]
[EventCountry "URU"]
[Source "lmi"]
[SourceDate "2011.11.01"]

1. e4 c5 2. Nf3 d6 3. d4 cxd4 4. Nxd4 Nf6 5. Nc3 a6 6. Bg5 e6 7. f4 Qc7 8. Bxf6
gxf6 9. Be2 Nc6 10. Nb3 b5 11. Bh5 Bb7 12. a3 Rg8 13. O-O f5 14. Qe2 Bg7 15.
Bf3 fxe4 16. Bxe4 O-O-O 17. Rad1 Bxc3 18. bxc3 Ne7 19. Bxb7+ 1/2-1/2

[Event "Copa Latinoamericana de Ajedrez 2011"]
[Site "Montevideo URU"]
[Date "2011.11.06"]
[Round "9.17"]
[White "De Dovitiis, Alejo"]
[Black "Oddone, Cristhian"]
[Result "0-1"]
[WhiteElo "2366"]
[BlackElo "2197"]
[PlyCount "94"]
[EventDate "2011.11.01"]
[EventType "swiss"]
[EventRounds "9"]
[EventCountry "URU"]
[Source "lmi"]
[SourceDate "2011.11.01"]

1. e4 c6 2. d4 g6 3. Nf3 Bg7 4. h3 d6 5. Be3 Nf6 6. Nc3 O-O 7. Qd2 b5 8. Bd3
Nbd7 9. O-O Qc7 10. Ne2 Bb7 11. Ng3 e5 12. Bh6 a6 13. dxe5 dxe5 14. Qg5 Ne8 15.
Bxg7 Nxg7 16. Qh6 f6 17. c3 Bc8 18. Bc2 Nc5 19. b4 Nb7 20. Nh4 Be6 21. f4 exf4
22. Rxf4 Nd6 23. Nhf5 Ngxf5 24. exf5 Nf7 25. Qh4 g5 26. Qh5 Bd5 27. Rg4 Ne5 28.
Rf1 Nxg4 29. Qxg4 Qe5 30. h4 Qxc3 31. hxg5 Qe3+ 32. Rf2 Qxg5 33. Qh3 Rae8 34.
Nf1 Kh8 35. Kh2 Rg8 36. Bb3 Re4 37. Bxd5 cxd5 38. Qc3 Rf4 39. Qe3 Rh4+ 40. Kg1
d4 41. Qe6 Rf4 42. g3 Rxf2 43. Kxf2 d3 44. Ke1 Rd8 45. Ne3 d2+ 46. Ke2 d1=Q+
47. Nxd1 Qd2+ 0-1

[Event "Copa Latinoamericana de Ajedrez 2011"]
[Site "Montevideo URU"]
[Date "2011.11.06"]
[Round "9.18"]
[White "Genta, Alejandro"]
[Black "Espinoza, Willyam"]
[Result "0-1"]
[WhiteElo "2123"]
[BlackElo "2273"]
[PlyCount "76"]
[EventDate "2011.11.01"]
[EventType "swiss"]
[EventRounds "9"]
[EventCountry "URU"]
[Source "lmi"]
[SourceDate "2011.11.01"]

1. d4 Nf6 2. Nf3 e6 3. c4 b6 4. Nc3 Bb4 5. Qc2 Bb7 6. e3 Ne4 7. a3 Bxc3+ 8.
bxc3 d6 9. Bd3 f5 10. O-O O-O 11. Nd2 Qh4 12. f3 Ng5 13. f4 Qg4 14. d5 Nf7 15.
Rf3 Nh6 16. Rg3 Qh4 17. dxe6 Na6 18. Nf3 Bxf3 19. gxf3 Nc5 20. a4 a5 21. Kh1
Rae8 22. Bd2 Qf6 23. Rag1 Re7 24. e4 Qxe6 25. Be3 Nxd3 26. Qxd3 Rff7 27. Bd4 c5
28. Bf2 fxe4 29. fxe4 Qxe4+ 30. Qxe4 Rxe4 31. Rb1 Nf5 32. Rd3 Rb7 33. Kg2 Rxc4
34. Ra1 Rxf4 35. Bg3 Nxg3 36. hxg3 Rc4 37. Rxd6 Rxc3 38. Rb1 Rc4 0-1

[Event "Copa Latinoamericana de Ajedrez 2011"]
[Site "Montevideo URU"]
[Date "2011.11.06"]
[Round "9.19"]
[White "Fabian, Gastón"]
[Black "Rioseco Pinochet, Fernan"]
[Result "1/2-1/2"]
[WhiteElo "2352"]
[BlackElo "2192"]
[PlyCount "87"]
[EventDate "2011.11.01"]
[EventType "swiss"]
[EventRounds "9"]
[EventCountry "URU"]
[Source "lmi"]
[SourceDate "2011.11.01"]

1. Nf3 Nf6 2. c4 g6 3. d4 Bg7 4. g3 O-O 5. Bg2 d6 6. Nc3 Nbd7 7. O-O e5 8. e4
Re8 9. h3 c6 10. Be3 exd4 11. Nxd4 Nc5 12. Qc2 a5 13. Rad1 Nfd7 14. Rfe1 a4 15.
f4 Qa5 16. Kh2 Nf6 17. Bf2 Bd7 18. Nf3 Be6 19. Rxd6 Qb4 20. a3 Qa5 21. Ng5 Bxc4
22. e5 Nfd7 23. Nce4 Bb3 24. Qc1 Nxe4 25. Nxe4 Qc7 26. Qd2 Bd5 27. Ng5 Nf8 28.
Bxd5 cxd5 29. Rxd5 Ne6 30. Nxe6 Rxe6 31. Rd7 Qc8 32. Rd1 Bf8 33. Qd5 Re7 34.
Rxe7 Bxe7 35. Kg2 Qc2 36. Rd2 Qc1 37. Qxb7 Re8 38. Rd7 Qc2 39. h4 h5 40. Rc7
Qd2 41. Rd7 Qc2 42. Kf3 Qc1 43. Kg2 Qc2 44. Rc7 1/2-1/2

[Event "Copa Latinoamericana de Ajedrez 2011"]
[Site "Montevideo URU"]
[Date "2011.11.06"]
[Round "9.20"]
[White "Fell, Sebastián"]
[Black "Rodi, Luis"]
[Result "0-1"]
[WhiteElo "2194"]
[BlackElo "2406"]
[PlyCount "70"]
[EventDate "2011.11.01"]
[EventType "swiss"]
[EventRounds "9"]
[EventCountry "URU"]
[Source "lmi"]
[SourceDate "2011.11.01"]

1. e4 c5 2. Nf3 d6 3. d4 cxd4 4. Nxd4 Nf6 5. Nc3 g6 6. Be3 Bg7 7. f3 Nc6 8. Qd2
O-O 9. g4 Nxd4 10. Bxd4 Be6 11. O-O-O Qa5 12. a3 Rfc8 13. h4 h5 14. Qg5 b5 15.
gxh5 Nxh5 16. Bxg7 Kxg7 17. Rg1 Rxc3 18. bxc3 Qxc3 19. Bd3 Bc4 20. Bxc4 bxc4
21. Qxe7 Nf4 22. Qb7 Ne2+ 23. Kb1 Qxa3 24. Qb2+ Qxb2+ 25. Kxb2 Rb8+ 26. Ka3
Nxg1 27. Rxg1 Kf6 28. Rd1 Ke6 29. Rd2 Rh8 30. Kb4 Rxh4 31. Kxc4 Rh3 32. Rd3 g5
33. Kd4 g4 34. fxg4 Rxd3+ 35. cxd3 a5 0-1

[Event "Copa Latinoamericana de Ajedrez 2011"]
[Site "Montevideo URU"]
[Date "2011.11.06"]
[Round "9.21"]
[White "Guerrero, Álvaro"]
[Black "Larrea, Manuel"]
[Result "0-1"]
[WhiteElo "2170"]
[BlackElo "2327"]
[PlyCount "129"]
[EventDate "2011.11.01"]
[EventType "swiss"]
[EventRounds "9"]
[EventCountry "URU"]
[Source "lmi"]
[SourceDate "2011.11.01"]

1. d4 Nf6 2. c4 g6 3. Nc3 Bg7 4. e4 d6 5. Nge2 Nbd7 6. f3 a6 7. Be3 O-O 8. Qd2
c5 9. d5 b5 10. cxb5 Qa5 11. Nc1 axb5 12. Nxb5 Ne8 13. Qxa5 Rxa5 14. Bd2 Ra8
15. Bc3 Bxc3+ 16. Nxc3 Nc7 17. b3 f5 18. Be2 fxe4 19. fxe4 Ba6 20. Rf1 Nf6 21.
Bxa6 Rxa6 22. Nd3 Rb8 23. Ke2 Nb5 24. Nxb5 Rxb5 25. Kf3 Ra3 26. Rfb1 c4 27. Nf2
Nd7 28. Ke2 Ne5 29. b4 Kg7 30. Nd1 Ng4 31. h3 Nf6 32. Nf2 Nh5 33. Kd2 Nf4 34.
Nd1 Rd3+ 35. Kc2 Ne2 36. Nb2 Nd4+ 37. Kc1 Rg3 38. Nd1 c3 39. a4 Rb8 40. Ra3 Rc8
41. Rba1 Rxg2 42. Nxc3 Ne2+ 43. Kd2 Nxc3+ 44. Ke3 Rg3+ 45. Kf2 Nxe4+ 46. Kf1
Rf8+ 47. Ke1 Rg1+ 48. Ke2 Rg2+ 49. Ke3 Nf6 50. Kd4 Rg5 51. a5 Re5 52. Kc4 Rc8+
53. Kb3 Re3+ 54. Ka4 Re4 55. Rb1 Nxd5 56. a6 Nc3+ 57. Rxc3 Rxc3 58. a7 Rc8 59.
Kb5 e5 60. Kb6 Rec4 61. b5 e4 62. Kb7 R4c7+ 63. Ka6 Rc2 64. Kb7 R8c7+ 65. Kb6
0-1

[Event "Copa Latinoamericana de Ajedrez 2011"]
[Site "Montevideo URU"]
[Date "2011.11.06"]
[Round "9.22"]
[White "Leskovar, Matías"]
[Black "Leiva, Giuseppe"]
[Result "0-1"]
[WhiteElo "2280"]
[BlackElo "2183"]
[PlyCount "128"]
[EventDate "2011.11.01"]
[EventType "swiss"]
[EventRounds "9"]
[EventCountry "URU"]
[Source "lmi"]
[SourceDate "2011.11.01"]

1. d4 Nf6 2. Nf3 e6 3. Bg5 c5 4. e3 Nc6 5. c3 b6 6. Nbd2 Be7 7. Bd3 Bb7 8. O-O
O-O 9. Qe2 cxd4 10. exd4 Nd5 11. Ne4 Bxg5 12. Nfxg5 h6 13. Nh3 d6 14. Nd2 Qh4
15. f4 Rad8 16. Rae1 Rfe8 17. Bc4 Nf6 18. Nf3 Qg4 19. Qf2 Ne7 20. Bb5 Bc6 21.
Bxc6 Nxc6 22. Nh4 d5 23. Nf3 Ne4 24. Qe3 f5 25. Nf2 Qg6 26. Nd3 Qf6 27. Nfe5
Nxe5 28. Nxe5 Rc8 29. Kh1 Rc7 30. g4 fxg4 31. Nxg4 Qf5 32. Nf2 Nxf2+ 33. Qxf2
Rf7 34. Re5 Qh3 35. Qg2 Qxg2+ 36. Kxg2 Rf5 37. Rfe1 Rxe5 38. Rxe5 g6 39. h4 h5
40. Kf3 Kf7 41. Ke3 Ke7 42. Rg5 Kf6 43. Kd3 Rc8 44. a4 Rb8 45. b4 Rc8 46. Kc2
a6 47. Rg1 Kg7 48. Re1 Kf6 49. Rg1 Rf8 50. Kd3 Kg7 51. Re1 Rxf4 52. Rxe6 Rxh4
53. Rxb6 Rf4 54. Rxa6 h4 55. Re6 g5 56. a5 h3 57. a6 h2 58. Re1 g4 59. a7 Rf8
60. Ke3 Re8+ 61. Kf4 Rxe1 62. a8=Q h1=Q 63. Qb7+ Kf6 64. Qb6+ Kf7 0-1

[Event "Copa Latinoamericana de Ajedrez 2011"]
[Site "Montevideo URU"]
[Date "2011.11.06"]
[Round "9.23"]
[White "Saralegui, Mario"]
[Black "Rodríguez, Santiago"]
[Result "1/2-1/2"]
[WhiteElo "2169"]
[BlackElo "2269"]
[PlyCount "64"]
[EventDate "2011.11.01"]
[EventType "swiss"]
[EventRounds "9"]
[EventCountry "URU"]
[Source "lmi"]
[SourceDate "2011.11.01"]

1. d4 Nf6 2. c4 e6 3. Nf3 b6 4. g3 Ba6 5. Qa4 c6 6. Bg2 b5 7. cxb5 cxb5 8. Qb3
Nc6 9. O-O Rc8 10. Qd1 Be7 11. Nbd2 Qb6 12. Nb3 O-O 13. Bf4 d6 14. Rc1 Bb7 15.
Bg5 a5 16. Bxf6 Bxf6 17. e3 Rc7 18. Qd2 Rfc8 19. Rfd1 a4 20. Na1 Na5 21. b3
axb3 22. axb3 Bd5 23. Rxc7 Qxc7 24. Qb4 Qc3 25. Qxb5 Nxb3 26. Nxb3 Bxb3 27. Re1
Bd5 28. Qb1 g6 29. Rd1 Bb3 30. Re1 Bd5 31. Rd1 Bxf3 32. Bxf3 d5 1/2-1/2

[Event "Copa Latinoamericana de Ajedrez 2011"]
[Site "Montevideo URU"]
[Date "2011.11.06"]
[Round "9.24"]
[White "Cuevas, Walter"]
[Black "Curi, Gabriel"]
[Result "0-1"]
[WhiteElo "2259"]
[BlackElo "2154"]
[PlyCount "92"]
[EventDate "2011.11.01"]
[EventType "swiss"]
[EventRounds "9"]
[EventCountry "URU"]
[Source "lmi"]
[SourceDate "2011.11.01"]

1. d4 Nf6 2. c4 g6 3. Nc3 Bg7 4. e4 d6 5. Be2 O-O 6. Nf3 e5 7. O-O Nc6 8. d5
Ne7 9. b4 Nh5 10. Re1 a5 11. Ba3 Nf4 12. Bf1 Bg4 13. h3 Bxf3 14. Qxf3 axb4 15.
Bxb4 c5 16. dxc6 Nxc6 17. Rab1 Ne6 18. Qd1 Ned4 19. a3 b6 20. Nb5 Nxb4 21. axb4
Qd7 22. Nc3 Rfb8 23. Nd5 Qd8 24. Qd3 Ra7 25. Ra1 Rba8 26. Qc3 Qb8 27. Reb1 Bf8
28. Bd3 Be7 29. c5 dxc5 30. Nxe7+ Rxe7 31. bxc5 Rxa1 32. Qxa1 b5 33. Bxb5 Ra7
34. Ba6 Qc7 35. Qa3 Qc6 36. Rb6 Qxe4 37. Qe3 Qd5 38. c6 Qd8 39. Rb7 Qa8 40.
Rxa7 Qxa7 41. Qxe5 Qxa6 42. Qb8+ Kg7 43. c7 Qa1+ 44. Kh2 Ne2 45. Qb2+ Qxb2 46.
c8=Q Qa1 0-1

[Event "Copa Latinoamericana de Ajedrez 2011"]
[Site "Montevideo URU"]
[Date "2011.11.06"]
[Round "9.25"]
[White "Arias, Jorge"]
[Black "Hernández, Alexander"]
[Result "0-1"]
[WhiteElo "2151"]
[BlackElo "2258"]
[PlyCount "30"]
[EventDate "2011.11.01"]
[EventType "swiss"]
[EventRounds "9"]
[EventCountry "URU"]
[Source "lmi"]
[SourceDate "2011.11.01"]

1. e4 e5 2. Nc3 Nf6 3. g3 d5 4. exd5 Nxd5 5. Bg2 Nb6 6. Nf3 Nc6 7. O-O Be7 8.
d3 O-O 9. Bd2 Re8 10. Rc1 Bf8 11. Ne4 Nd4 12. Nxd4 exd4 13. b4 Bd7 14. Nc5 Bxc5
15. bxc5 Ba4 0-1

[Event "Copa Latinoamericana de Ajedrez 2011"]
[Site "Montevideo URU"]
[Date "2011.11.06"]
[Round "9.26"]
[White "Mafra, Kaiser"]
[Black "Bassan, Remo"]
[Result "0-1"]
[WhiteElo "2150"]
[BlackElo "2255"]
[PlyCount "84"]
[EventDate "2011.11.01"]
[EventType "swiss"]
[EventRounds "9"]
[EventCountry "URU"]
[Source "lmi"]
[SourceDate "2011.11.01"]

1. e4 Nf6 2. e5 Nd5 3. c4 Nb6 4. d4 d6 5. exd6 cxd6 6. Nc3 g6 7. c5 dxc5 8.
dxc5 N6d7 9. Be3 Bg7 10. Rc1 O-O 11. Bb5 a6 12. Bxd7 Bxd7 13. Nge2 Qa5 14. O-O
Rd8 15. b4 Qa3 16. c6 Nxc6 17. Bb6 Bg4 18. Bxd8 Rxd8 19. Qc2 Nxb4 20. Qe4 Nd3
21. Nb1 Qxa2 22. Qxg4 Nxc1 23. Rxc1 Qc2 24. Rf1 f5 25. Qf3 Rd3 26. Qxb7 Qxe2
27. Qc8+ Kf7 28. Qc4+ Kf6 29. Qxa6+ Kg5 30. Qc4 Bd4 31. Qc1+ Kh5 32. Qe1 Qxe1
33. Rxe1 Rb3 34. Nd2 Rb2 35. Rd1 e5 36. h3 Rc2 37. g3 Bc5 38. Kg2 e4 39. g4+
Kg5 40. gxf5 gxf5 41. Kf1 Kf4 42. Ke2 Bb4 0-1

[Event "Copa Latinoamericana de Ajedrez 2011"]
[Site "Montevideo URU"]
[Date "2011.11.06"]
[Round "9.27"]
[White "Carvalho, Guillermo"]
[Black "López, Nicolás"]
[Result "1/2-1/2"]
[WhiteElo "2244"]
[BlackElo "2166"]
[PlyCount "20"]
[EventDate "2011.11.01"]
[EventType "swiss"]
[EventRounds "9"]
[EventCountry "URU"]
[Source "lmi"]
[SourceDate "2011.11.01"]

1. c4 g6 2. Nf3 Bg7 3. d4 Nf6 4. g3 O-O 5. Bg2 d6 6. O-O Nc6 7. Nc3 a6 8. h3
Bd7 9. e4 e5 10. Be3 exd4 1/2-1/2

[Event "Copa Latinoamericana de Ajedrez 2011"]
[Site "Montevideo URU"]
[Date "2011.11.06"]
[Round "9.28"]
[White "Daneri, Martín"]
[Black "Menna Barreto, Felipe"]
[Result "1-0"]
[WhiteElo "2110"]
[BlackElo "2244"]
[PlyCount "111"]
[EventDate "2011.11.01"]
[EventType "swiss"]
[EventRounds "9"]
[EventCountry "URU"]
[Source "lmi"]
[SourceDate "2011.11.01"]

1. e4 c5 2. Nc3 e6 3. f4 d5 4. Bb5+ Bd7 5. Qe2 dxe4 6. Nxe4 Nc6 7. Nf3 Nh6 8.
c3 Be7 9. O-O O-O 10. d3 Nf5 11. g4 Nd6 12. Bxc6 Bxc6 13. Nxc5 Qb6 14. Be3 Nc4
15. b4 Nxe3 16. Qxe3 a5 17. a3 Bxf3 18. Rxf3 axb4 19. cxb4 Bf6 20. d4 Rfd8 21.
Rd1 g6 22. Qe4 Rd5 23. Rfd3 Rad8 24. Kg2 Qa7 25. Nxe6 fxe6 26. Qxe6+ Kg7 27. g5
Bxd4 28. Rxd4 Rxd4 29. Qf6+ Kg8 30. Qe6+ Kf8 31. Qf6+ Ke8 32. Qh8+ Ke7 33. Qf6+
Ke8 34. Qh8+ Ke7 35. Qg7+ Ke6 36. Qf6+ Kd5 37. Qxd8+ Ke4 38. Qxd4+ Qxd4 39.
Rxd4+ Kxd4 40. Kf3 Kc4 41. h4 Kb3 42. h5 Kxa3 43. hxg6 hxg6 44. f5 gxf5 45. g6
Kxb4 46. g7 Kc3 47. g8=Q b5 48. Qc8+ Kb3 49. Qxf5 b4 50. Qb1+ Kc3 51. Ke3 b3
52. Ke2 b2 53. Ke3 Kb3 54. Kd3 Ka3 55. Kc4 Ka4 56. Qa2# 1-0